Partition of India :legend and realty / (Record no. 165516)
[ view plain ]
| 000 -LEADER | |
|---|---|
| fixed length control field | 00737nam a22002057a 4500 |
| 005 - DATE AND TIME OF LATEST TRANSACTION | |
| control field | 20190620161827.0 |
| 010 ## - LCCN (DPL NO) | |
| LC control number | B-728389 |
| 020 ## - INTERNATIONAL STANDARD BOOK NUMBER | |
| International Standard Book Number | 9789350351277 |
| Terms of availability | 395.00 |
| 035 ## - SYSTEM CONTROL NUMBER | |
| System control number | B-728389 |
| 037 ## - SOURCE OF ACQUISITION | |
| Source of stock number/acquisition | R.K. Books |
| 082 ## - DEWEY DECIMAL CLASSIFICATION NUMBER | |
| Classification number | 954.0359 |
| 100 ## - MAIN ENTRY--PERSONAL NAME | |
| Personal name | Seervai, H.M. |
| 245 ## - TITLE STATEMENT | |
| Title | Partition of India :legend and realty / |
| Statement of responsibility, etc | by H.M. Seervai |
| 250 ## - EDITION STATEMENT | |
| Edition statement | 2nd ed. |
| 260 ## - PUBLICATION, DISTRIBUTION, ETC. (IMPRINT) | |
| Place of publication, distribution, etc | Gurugram |
| Name of publisher, distributor, etc | Universal |
| Date of publication, distribution, etc | 2017 |
| 270 ## - ADDRESS | |
| Address | DLF, Cyber city, Phase-II, |
| City | Grugram |
| Postal code | 122002 |
| 300 ## - PHYSICAL DESCRIPTION | |
| Extent | liii, 278p. |
| Dimensions | 21cm.(pbk) |
| 942 ## - ADDED ENTRY ELEMENTS (KOHA) | |
| Source of classification or shelving scheme | Dewey Decimal Classification |
| Item type | English Books |
| Call number suffix | SEE |
| Classification part | 954.0359 |
| Withdrawn status | Lost status | Not for loan | Collection code | Home library | Current library | Date acquired | Source of acquisition | Cost, normal purchase price | Full call number | Barcode | Copy number | Cost, replacement price | Koha item type | Public note |
|---|---|---|---|---|---|---|---|---|---|---|---|---|---|---|
| Non-fiction | Sarojini Nagar | Sarojini Nagar | 20/06/2019 | RK Books/IN457/2019-20/03.06.2019/07/29.06.2019/17.06.2019 | 395.00 | 954.0359 SEE | B-728389 | 1 | 395.00 | English Books | Spl. power |
